000 00349cam a2200145ua 4500
003 OSt
008 250823b |||||||| |||| 00| 0 eng d
041 _aeng
082 _a629.41
_bMER/SP
100 _aMerrill, Grayson .
_97770
245 0 0 _aSpace flight /
260 _aNewyork :
_bD.Van Nostrand co,INC ,
_c1960.
300 _a513 ; .
942 _cBK
999 _c1262
_d1262